logo

Bir Sreshtho Munshi Abdur Rouf Library
Jhenaidah Cadet College

Vita brevis : (Record no. 5114)

MARC details
000 -LEADER
fixed length control field 00855nam a2200277 a 4500
001 - CONTROL NUMBER
JCCL Control Number 5114
003 - CONTROL NUMBER IDENTIFIER
JCCL marc code BD-JhCC
005 - DATE AND TIME OF LATEST TRANSACTION
control field 20221116134024.0
008 - FIXED-LENGTH DATA ELEMENTS--GENERAL INFORMATION
fixed length control field 171209r19981997enka 000 1 eng d
020 ## - INTERNATIONAL STANDARD BOOK NUMBER
International Standard Book Number 0753804611
035 ## - SYSTEM CONTROL NUMBER
system control number (BD-JhCC)5114
040 ## - CATALOGING SOURCE
Original cataloging agency BDS
Modifying agency BD-JhCC
041 1# - LANGUAGE CODE
Language code of Book eng
Language code of original and/or intermediate translations of text nor
082 0# - DEWEY DECIMAL CLASSIFICATION NUMBER
Classification number 839.82374
DDC Edition number 21
Author mark and Year GAA 1998
100 1# - MAIN ENTRY--PERSONAL NAME
Personal name Gaarder, Jostein,
Dates associated with a name 1952-
245 10 - TITLE STATEMENT
Title Vita brevis :
Remainder of title a letter to St Augustine /
Statement of responsibility, etc Jostein Gaarder ; illustrated by Sarah Perkins ; translated by Anne Born.
260 ## - PUBLICATION, DISTRIBUTION, ETC. (IMPRINT)
Place of publication, distribution, etc London :
Name of publisher, distributor, etc Phoenix,
Date of publication, distribution, etc 1998.
300 ## - PHYSICAL DESCRIPTION
Pagination 164 p. :
Other physical details ill. ;
Dimensions 20 cm.
500 ## - GENERAL NOTE
General note Translated from the Norwegian.
500 ## - GENERAL NOTE
General note Originally published: 1997.
600 00 - SUBJECT ADDED ENTRY--PERSONAL NAME
Personal name Augustine,
Titles and other words associated with a name of Hippo, Saint,
Dates associated with a name 354-430
650 #0 - SUBJECT ADDED ENTRY--TOPICAL TERM
Topical term or geographic name as entry element Chastity, Vow of
Form subdivision Fiction.
700 1# - ADDED ENTRY--PERSONAL NAME
Personal name Perkins, Sarah.
700 1# - ADDED ENTRY--PERSONAL NAME
Personal name Born, Anne.
942 ## - ADDED ENTRY ELEMENTS (KOHA)
Source of classification or shelving scheme Dewey Decimal Classification
Koha item type Books
Koha issues (borrowed), all copies 1
Holdings
Source of classification or shelving scheme Damaged status Not for loan Home library Current library Shelving location Date of accession Source of acquisition Cost, normal purchase price Total Checkouts Full call number Barcode Date last seen Date checked out Copy number Koha item type
Dewey Decimal Classification     JCC Rouf Library JCC Rouf Library General Stacks 12/09/2017 Stowe School Library 6.00 3 839.82374 GAA 1998 6917 11/29/2025 10/23/2025 C-1 Books

JCC Library | Contacts | JCC Home

Last Update on 23 September 2017
Copyright @ 2017-2020 JCC Rouf Library
Rouf Library, Jhenidah Cadet College (JCC), Bangladesh